Estatísticas para Os 15 principais países com mortes por Covid19 - 6 de maio

Clique aqui para jogar o quiz

Estatísticas Gerais

  • Esse quiz foi jogado 4 vezes
  • A pontuação média é 15 de 21

Estatísticas das Respostas

país% Correto
Brasil
100%
Canadá
100%
China
100%
Estados Unidos
100%
França
100%
Itália
100%
Reino Unido
100%
Alemanha
75%
Bélgica
75%
Espanha
75%
Irão
75%
México
75%
Países Baixos
75%
Portugal
75%
Irlanda
50%
Suécia
50%
Suécia
50%
Turquia
50%
Equador
25%
Suíça
25%
Dinamarca
0%

Distribuição das Pontuações

Percentil de Números Respondidos

Porcentagem de Pessoas com Cada Pontuação

Sua Pontuação Histórica

Você não jogou esse quiz